2011-12 UEFA Champions League Results - Statistics

General Stats
  • This quiz has been taken 1,081 times
  • The average score is 24 of 32
Answers on the Map
Answers color-coded by a green-red scale on the quiz's map according to % correct below.
 
Answer Stats
Club % Correct
๐Ÿ‡ช๐Ÿ‡ธ Barcelona
98%
๐Ÿ‡ฉ๐Ÿ‡ช Bayern Munich
98%
๐Ÿ‡ช๐Ÿ‡ธ Real Madrid
98%
๐Ÿด๓ ง๓ ข๓ ฅ๓ ฎ๓ ง๓ ฟ Chelsea
96%
๐Ÿด๓ ง๓ ข๓ ฅ๓ ฎ๓ ง๓ ฟ Manchester United
95%
๐Ÿ‡ฎ๐Ÿ‡น AC Milan
94%
๐Ÿ‡ฎ๐Ÿ‡น Inter Milan
94%
๐Ÿ‡ฉ๐Ÿ‡ช Borussia Dortmund
93%
๐Ÿด๓ ง๓ ข๓ ฅ๓ ฎ๓ ง๓ ฟ Manchester City
92%
๐Ÿด๓ ง๓ ข๓ ฅ๓ ฎ๓ ง๓ ฟ Arsenal
91%
๐Ÿ‡ณ๐Ÿ‡ฑ Ajax
87%
๐Ÿ‡ต๐Ÿ‡น Benfica
85%
๐Ÿ‡ซ๐Ÿ‡ท Lyon
85%
๐Ÿ‡ต๐Ÿ‡น Porto
85%
๐Ÿ‡ซ๐Ÿ‡ท Marseille
84%
๐Ÿ‡ฎ๐Ÿ‡น Napoli
80%
๐Ÿ‡ช๐Ÿ‡ธ Valencia
79%
๐Ÿ‡ท๐Ÿ‡บ CSKA Moscow
76%
๐Ÿ‡ฉ๐Ÿ‡ช Bayer 04 Leverkusen
72%
๐Ÿ‡ท๐Ÿ‡บ Zenit Saint Petersburg
69%
๐Ÿ‡ฌ๐Ÿ‡ท Olympiacos
68%
๐Ÿ‡ซ๐Ÿ‡ท Lille
67%
๐Ÿ‡บ๐Ÿ‡ฆ Shakhtar Donetsk
67%
๐Ÿ‡จ๐Ÿ‡ญ Basel
62%
๐Ÿ‡ญ๐Ÿ‡ท Dinamo Zagreb
62%
๐Ÿ‡จ๐Ÿ‡พ APOEL
61%
๐Ÿ‡ช๐Ÿ‡ธ Villarreal
56%
๐Ÿ‡ง๐Ÿ‡ช Genk
48%
๐Ÿ‡ง๐Ÿ‡พ BATE Borisov
45%
๐Ÿ‡จ๐Ÿ‡ฟ Viktoria Plzeลˆ
43%
๐Ÿ‡น๐Ÿ‡ท Trabzonspor
35%
๐Ÿ‡ท๐Ÿ‡ด Oศ›elul Galaศ›i
22%
No matching quizzes found
Score Distribution
Percent of People with Each Score
Percentile by Number Answered
Your Score History
You have not taken this quiz